书目信息 |
| 题名: |
谈“心”
|
|
| 作者: | 刘健 著 | |
| 分册: | ||
| 出版信息: | 北京 人民卫生出版社 2021.11 |
|
| 页数: | 15, 283页 | |
| 开本: | 24cm | |
| 丛书名: | ||
| 单 册: | ||
| 中图分类: | R541-49 | |
| 科图分类: | ||
| 主题词: | 心脏病--xin zang bing--防治--普及读物 | |
| 电子资源: | ||
| ISBN: | 978-7-117-30794-9 | |
| 000 | 00792nam0 2200217 450 | |
| 001 | 011025153603 | |
| 005 | 20221025153603.0 | |
| 010 | @a978-7-117-30794-9@dCNY75.00 | |
| 100 | @a20201004d2021 em y0chiy0120 ea | |
| 101 | 0 | @achi |
| 102 | @aCN@b110000 | |
| 105 | @aa z 000yy | |
| 106 | @ar | |
| 200 | 1 | @a谈“心”@Atan xin@e关于心脏的医学、健康与生活方式@f刘健著 |
| 210 | @a北京@c人民卫生出版社@d2021.11 | |
| 215 | @a15, 283页@c图@d24cm | |
| 330 | @a本书将作者从业生涯中典型的案例进行汇总,包括心脏知识的方方面面,有原理、有对策、有建议。涉及的心脏疾病包括冠心病、心肌梗死、高血压、高血糖、高血脂、心律失常、主动脉夹层等。 | |
| 606 | 0 | @a心脏病@Axin zang bing@x防治@j普及读物 |
| 690 | @aR541-49@v5 | |
| 701 | 0 | @a刘健@Aliu jian@f(1968~)@4著 |
| 905 | @a河南城建学院图书馆@dR541-49@eL635 | |
| 谈“心”:关于心脏的医学、健康与生活方式/刘健著.-北京:人民卫生出版社,2021.11 |
| 15, 283页:图;24cm |
| ISBN 978-7-117-30794-9:CNY75.00 |
| 本书将作者从业生涯中典型的案例进行汇总,包括心脏知识的方方面面,有原理、有对策、有建议。涉及的心脏疾病包括冠心病、心肌梗死、高血压、高血糖、高血脂、心律失常、主动脉夹层等。 |
| ● |
| 相关链接 |
|
|
|
正题名:谈"心"
索取号:R541-49/L635
 
预约/预借
| 序号 | 登录号 | 条形码 | 馆藏地/架位号 | 状态 | 备注 |
| 1 | 1588585 | 215885852 | 自科库401/401自科库 18排2列5层/ [索取号:R541-49/L635] | 在馆 | |
| 2 | 1588586 | 215885861 | 自科库401/401自科库 18排2列5层/ [索取号:R541-49/L635] | 在馆 |